| 000 | 00942nac a22002777a 4500 | ||
|---|---|---|---|
| 001 | BR7301416 | ||
| 003 | BR-BrBNA | ||
| 005 | 20240105113458.0 | ||
| 008 | 230509b bl.|||m| |||| 00| 0 por d | ||
| 040 |
_aBR-BrBNA _bpor _cBiblioteca Nacional de Agricultura |
||
| 072 | _aF00 | ||
| 090 | _a0150 BR7301416 | ||
| 110 | 1 |
_aEmpresa Brasileira de Pesquisa Agropecuaria, Pelotas, RS (Brasil). Representacao Estadual no Rio Grande do Sul _93899 |
|
| 245 | 1 | _aPacotes tecnologicos para o arroz [Erva daninha; Variedade; Rio Grande do Sul; Brasil] | |
| 250 | 1 | _a2. ed. | |
| 260 | 3 |
_aPelotas, RS (Brasil): _c1974. |
|
| 300 | _a47 p. | ||
| 490 |
_aCircular - Empresa Brasileira de Pesquisa Agropecuaria (Brazil) _vno. 66 _x |
||
| 650 | _aARROZ | ||
| 650 | _aVARIEDADE | ||
| 650 | _aDEFESA VEGETAL | ||
| 650 | _aPRATICA CULTURAL | ||
| 650 | _aRIO GRANDE DO SUL | ||
| 909 |
_a202312 _bLúcia Elande _c55 _dLúcia Elande |
||
| 942 |
_2AGRIS _n0 _cMS |
||
| 999 |
_c263961 _d263961 |
||